000 00797nam a22001577a 4500
041 _aukr
080 _a82
090 _bЗУБ
100 _aЗубович, В.С.
245 _aФілологічні студії.
260 _aЛуцьк
_bВолинський Академічний Дім
_c2004
300 _a296
520 _aНауковий часопис включено до переліку фахових видань України в яких можуть публікуватися результати дисертаційних робіт на здобуття наукових ступенів доктора і кандидата за спеціальністю "Філологічні науки".
_0філологія,часопис
650 _aScience
999 _c284852
_d284852
942 _cBK